000 00314nam a22001337a 4500
008 170529b xxu||||| |||| 00| 0 eng d
020 _a0292704003
041 _aeng
080 _a94(7/8)
100 _a16
101 _aSHH
245 _aANARCHISM&THE MEXICAN WORKING CLASS,1860-1931
_cHART,J.M
942 _2udc
_cBK
999 _c14950
_d14950